| 000 | nam a22 a 4500 | ||
|---|---|---|---|
| 999 |
_c4202 _d4202 |
||
| 003 | AKMAL | ||
| 005 | 20170525150911.0 | ||
| 008 | 170525t19641961my ab e i 000 0 eng d | ||
| 040 | _aAKMAL | ||
| 082 | 0 | 4 |
_a959.504 JES _223 |
| 090 | 0 | 0 |
_a959.504 _bJES |
| 100 | 1 |
_aJessy, Joginder Singh, _eauthor. _98236 |
|
| 245 | 1 | 0 |
_aHISTORY OF MALAYA (1400-1959) / _cJOGINDER SINGH JESSY, Edited by W. WILLIAMS |
| 264 | 1 |
_aPENANG: _bPENINSULAR PUBLICATIONS and UNITED BOOK COMPANY, _c1964 |
|
| 264 | 4 | _c© 1961 | |
| 300 |
_axix, 346 pages : _billustrations, maps, ; _c19 cm |
||
| 500 | _aIncludes index | ||
| 651 | 0 |
_aMalaya _xHistory _y1400-1959 _98237 |
|
| 700 | 1 |
_aWilliams, W., _eeditor _98238 |
|
| 942 |
_2ddc _cBOOK |
||